MyGZULibrary

Cognitive psychology / (Record no. 202)

MARC details
000 -LEADER
fixed length control field 00966cam a2200277 a 4500
001 - CONTROL NUMBER
control field 13946431
003 - CONTROL NUMBER IDENTIFIER
control field GZU
005 - DATE AND TIME OF LATEST TRANSACTION
control field 20200713142842.0
008 - FIXED-LENGTH DATA ELEMENTS--GENERAL INFORMATION
fixed length control field 050429s2006 at a b 001 0 eng
010 ## - LIBRARY OF CONGRESS CONTROL NUMBER
LC control number 2005926690
020 ## - INTERNATIONAL STANDARD BOOK NUMBER
International Standard Book Number 0534514219 (alk. paper)
040 ## - CATALOGING SOURCE
Original cataloging agency DLC
Transcribing agency DLC
050 00 - LIBRARY OF CONGRESS CALL NUMBER
Classification number BF201
Item number STE 2006
082 00 - DEWEY DECIMAL CLASSIFICATION NUMBER
Classification number 153
Edition number 21
100 1# - MAIN ENTRY--PERSONAL NAME
Personal name Sternberg, Robert J.
245 10 - TITLE STATEMENT
Title Cognitive psychology /
Statement of responsibility, etc. Robert J. Sternberg ; with contributions of the investigating cognitive psychology boxes by Jeff Mio.
250 ## - EDITION STATEMENT
Edition statement 4th ed.
260 ## - PUBLICATION, DISTRIBUTION, ETC.
Place of publication, distribution, etc. Australia ;
-- Belmont, CA :
Name of publisher, distributor, etc. Thomson/Wadsworth,
Date of publication, distribution, etc. c2006.
300 ## - PHYSICAL DESCRIPTION
Extent xxviii, 595 p. :
Other physical details ill. ;
Dimensions 24 cm.
504 ## - BIBLIOGRAPHY, ETC. NOTE
Bibliography, etc. note Includes bibliographical references (p. 538-578) and indexes.
650 #0 - SUBJECT ADDED ENTRY--TOPICAL TERM
Topical term or geographic name entry element Cognitive psychology
Form subdivision Textbooks.
700 1# - ADDED ENTRY--PERSONAL NAME
Personal name Mio, Jeffery Scott,
Dates associated with a name 1954-
906 ## - LOCAL DATA ELEMENT F, LDF (RLIN)
a 7
b cbc
c orignew
d 2
e epcn
f 20
g y-gencatlg
942 ## - ADDED ENTRY ELEMENTS (KOHA)
Source of classification or shelving scheme Library of Congress Classification
Koha item type Books
Edition 4th ed.
Classification part 201
Item part STE
Call number prefix BF
Holdings
Withdrawn status Lost status Damaged status Not for loan Collection code Home library Current library Shelving location Date acquired Total Checkouts Full call number Barcode Date last seen Date last checked out Copy number Price effective from Koha item type
        Non-fiction City Campus Library City Campus Library General Stacks 07/13/2020 1 BF 201 STE 2006 026413 03/18/2025 03/11/2025 c.1 07/13/2020 Books